Sociedad civil y perplejidad ante la democracia

Guardat en:
Dades bibliogràfiques
Format: Text
Matèries:
Etiquetes: Afegir etiqueta
Sense etiquetes, Sigues el primer a etiquetar aquest registre!

MARC

LEADER 00000 a a2200000 04500
001 9653
003
040
245 |a Sociedad civil y perplejidad ante la democracia  
650 |a SOCIEDAD CIVIL  
650 |a DEMOCRACIA  
650 |a AUTORITARISMO  
650 |a REFORMA POLITICA  
773 |g volumen 7, número 30; páginas 112-119  
999 |c 29383  |d 29383